Nachbar Länder von russland - Statistiken

Allgemein
  • Dieses Quiz wurde 176 mal gespielt
  • Das Durchschnittsergebnis liegt bei 12 aus 14
Antwortstatistiken
Hint Antwort % Korrekt
Beginnt mit e Estland
99%
Beginnt mit c China
95%
Beginnt mit l Litauen
95%
Beginnt mit l Lettland
94%
Beginnt mit k Kasachstan
93%
Beginnt mit w Weiß russland
93%
Beginnt mit u Ukraine
92%
Beginnt mit m Mongolei
90%
Beginnt mit p Polen
86%
Beginnt mit g Georgien
77%
Beginnt mit n Nord korea
76%
Beginnt mit a Aserbaidschan
74%
Beginnt mit n Norwegen
71%
Beginnt mit f Finland
61%
Keine übereinstimmenden Quizze gefunden
Verteilung der Resultate
Anzahl Personen mit jedem Resultat
Perzentil nach korrekt beantworteten Fragen
Ihre Resultats-Entwicklung
Sie haben dieses Quiz noch nicht gespielt